Ciências da natureza: 6º ano, 2º ciclo

Guardado en:
Detalles Bibliográficos
Autor principal: Pedroso, Lurdes
Otros Autores: Pires, Teresa Ramos, Jorge Leitão
Formato: Desconocido
Lenguaje:portugués
Publicado: Amadora Raiz 1997
Edición:4ª ed
Catálogo:MANES:  Resultados de Búsqueda del Catálogo
Clasificación de libros de texto:
Etiquetas: Agregar Etiqueta
Sin Etiquetas, Sea el primero en etiquetar este registro!
Añadido a:2016-04-26
Cambiado en:2025-04-25

MARC

LEADER 000000000a22000000004500
001 30568
003 OSt
005 20250425111544.0
008 160427s pt ||||| |||| 00| 0 por d
040 |c centro_manes 
041 1 |a por 
100 1 |a Pedroso, Lurdes  |9 16238 
245 0 0 |a Ciências da natureza: 6º ano, 2º ciclo 
250 |a 4ª ed 
260 3 |a Amadora  |b Raiz  |c 1997 
300 |a 239 p.;  |c 27 cm 
500 |a Bibliografia, p. 234 
561 |5 pt-BNP  |a Portugal. Biblioteca Nacional de Portugal  |k MANES 
690 |a CN 
691 |a SE 
700 1 |a Pires, Teresa  |9 16263  |a Ramos, Jorge Leitão  |9 16240 
942 |2 ddc  |c BK 
546 |a Portugal 
999 |c 32030  |d 32030 
999 |c manes:32030  |d 32030